00536nam a2200193 a 4500001001300000003000900013005001700022008004100039020001200080082001600092100002200108245007000130260003900200300000900239500003500248505001000283650002700293700002200320nice12345678IN_TiNIC20260116011310.0050524s1954 newa grp 000 0 eng  ac126.500a296.38bCRO aCronbach, Abraham aJudaism for Todayb Jewish Thoughts for Contemporary Jewish Youth aNew YorkbBookman Associatesc1954 a148p aincludes index and biblioraphy2 aindex aJudaism-Moral Theology1 aCronbach, Abraham